000
00200nam a22000857a 4500
008
160715b xxu||||| |||| 00| 0 eng d
100
_9
2883
_a
NCERT
245
_a
Biology-XI
260
_a
New Delhi
_b
NCERT
_c
2010
999
_c
2455
_d
2455